[Event "Challenge"]
[Site "http://www.queenalice.com/game.php?id=1776587"]
[Date "2021.12.9"]
[Round "-"]
[White "AdilsonGomes"]
[Black "BALASH"]
[Result "0-1"]
[WhiteElo "1559"]
[BlackElo "1549"]

1. b3 e5 2. Bb2 d6 3. e3 Nf6 4. d4 a6 5. Be2 Be7 6. Nd2 Nc6 7. Bc3 h6 8. h3 O-O
9. Ngf3 b5 10. O-O e4 11. Nh4 Bd7 12. g4 d5 13. a3 Nh7 14. Nf5 Bf6 15. b4 Ng5
16. Kg2 Kh7 17. h4 Nf3 18. Nxf3 Bxf5 19. gxf5 exf3+ 20. Bxf3 Ne7 21. e4 c6 22.
Re1 Rg8 23. h5 g5 24. Bg4 Qd6 25. f3 Qd7 0-1

[Event "Challenge"]
[Site "http://www.queenalice.com/game.php?id=1776588"]
[Date "2021.12.9"]
[Round "-"]
[White "BALASH"]
[Black "AdilsonGomes"]
[Result "1-0"]
[WhiteElo "1565"]
[BlackElo "1543"]

1. e4 b6 2. Nc3 Bb7 3. Bc4 e6 4. a3 d5 5. exd5 exd5 6. Bb5+ Nd7 7. d4 a6 8. Nf3
axb5 9. b4 Bd6 10. O-O c6 11. Bg5 Ne7 12. Re1 h6 13. Bxe7 Bxe7 14. h3 O-O 15.
Qd2 Bf6 16. Ne5 Re8 17. Nxd7 Qxd7 18. Rxe8+ Rxe8 19. Re1 Rxe1+ 20. Qxe1 Bxd4 21.
Kh2 Qd6+ 22. Kg1 Bxc3 23. Qxc3 Qf4 24. Qe1 Qe4 25. Qd2 g5 26. f3 1-0

[Event "Challenge"]
[Site "http://www.queenalice.com/game.php?id=1783128"]
[Date "2022.2.20"]
[Round "-"]
[White "BALASH"]
[Black "slowcheetah"]
[Result "1-0"]
[WhiteElo "1573"]
[BlackElo "1462"]

1. e4 e5 2. Bc4 Nf6 3. Nc3 Bc5 4. h3 O-O 5. Nf3 c6 6. a3 d5 7. exd5 cxd5 8. Ba2
Nc6 9. O-O d4 10. Ne2 h6 11. d3 e4 12. dxe4 Nxe4 13. Qd3 Qe7 14. b4 Bb6 15. Bf4
Bf5 16. Qb3 Rad8 17. g4 Be6 18. Qd3 Nc3 19. Nxc3 a5 20. Bxe6 Qxe6 21. Rfe1 Qf6
22. Bg3 1-0

[Event "AUTO-INT-3720"]
[Site "http://www.queenalice.com/game.php?id=1783644"]
[Date "2022.2.27"]
[Round "2"]
[White "ajr"]
[Black "BALASH"]
[Result "1/2-1/2"]
[WhiteElo "1827"]
[BlackElo "1579"]

1. d4 d5 2. h3 h6 3. Nf3 e6 4. a3 Nf6 5. Bf4 Be7 6. Nc3 a6 7. e3 Nc6 8. Be5 O-O
9. Bd3 Nxe5 10. dxe5 Nd7 11. O-O Nc5 12. b4 Nxd3 13. Qxd3 Bd7 14. Nd2 Bg5 15. f4
Bh4 16. Rf3 b5 17. g3 Be7 18. Kg2 f5 19. Nb3 c6 20. Rff1 Qc7 21. Ne2 Qb6 22. Qd4
Qxd4 23. Nexd4 g5 24. Nc5 Bxc5 25. c3 Bxd4 26. cxd4 Kh7 27. Rh1 Rab8 28. fxg5 h5
29. h4 Kg6 30. Rhf1 Bc8 31. Rfc1 Bd7 32. Rc3 Ra8 33. Rac1 Rf7 34. Kf3 Raf8 35.
Kf4 Rb8 36. Kf3 Rc8 37. Ra1 Ra8 38. a4 Rg8 39. axb5 axb5 40. Kf4 Bc8 41. Rxc6
Bd7 42. Rc7 Rgf8 43. Rc5 Rc8 44. Rxc8 Bxc8 45. Ra5 Bd7 46. Kf3 Bc6 47. Ke2 Kg7
48. Kd3 Kg6 49. Ra3 Bd7 50. Ra6 Bc8 51. Rc6 Bd7 52. Rc3 Rf8 53. Rc7 Rd8 54. Ra7
Bc6 55. Rc7 Bd7 56. Ra7 Bc6 57. Ra6 Bd7 58. Ra5 Rc8 59. Ra7 Rd8 1/2-1/2

[Event "AUTO-INT-3720"]
[Site "http://www.queenalice.com/game.php?id=1783645"]
[Date "2022.2.27"]
[Round "2"]
[White "BALASH"]
[Black "ajr"]
[Result "0-1"]
[WhiteElo "1585"]
[BlackElo "1832"]

1. e4 c5 2. Bc4 d5 3. exd5 a6 4. Nf3 b5 5. Bd3 Qxd5 6. Nc3 Qe6+ 7. Be2 h6 8. O-O
Qg6 9. Nh4 Qc6 10. Bf3 Qf6 11. g3 Ra7 12. d3 g5 13. Ng2 e6 14. a3 Bd6 15. Ne4
Qe7 16. Nxd6+ Qxd6 17. Bd2 Qd4 18. b3 Nf6 19. Be2 Bb7 20. Be3 Qd5 21. Bf3 Qxf3
22. Qxf3 Bxf3 23. Rfe1 Nbd7 24. c4 Ke7 25. Rec1 Rd8 26. Ne1 Ne5 27. Bxc5+ Rd6
28. Bxa7 Nxd3 29. Nxd3 Rxd3 30. Kf1 Ng4 31. cxb5 axb5 32. Rc7+ Kf6 33. Kg1 Rxb3
34. h3 Ne5 35. Bd4 Kg6 36. Bxe5 f6 37. h4 fxe5 38. Ra7 e4 39. hxg5 hxg5 40. Ra8
Kf5 41. Rf8+ Ke5 42. Rg8 g4 43. Rg5+ Kf6 44. Rc5 e5 45. a4 bxa4 46. Kf1 a3 47.
Rc6+ Kf5 48. Rc8 e3 49. fxe3 Rxe3 50. Rf8+ Ke4 51. Ra8 Be2+ 52. Kg2 Bf3+ 53. Kh2
Re2+ 54. Kg1 Rg2+ 55. Kf1 Rxg3 56. R8xa3 Bg2+ 57. Kg1 Bh3+ 58. Kh2 Rxa3 59. Rxa3
Kf4 60. Rxh3 gxh3 61. Kxh3 Kf3 62. Kh2 Kf2 63. Kh1 e4 0-1

[Event "AUTO-INT-3720"]
[Site "http://www.queenalice.com/game.php?id=1783646"]
[Date "2022.2.27"]
[Round "2"]
[White "jenyasm"]
[Black "BALASH"]
[Result "1-0"]
[WhiteElo "1694"]
[BlackElo "1585"]

1. e4 e5 2. Nf3 Nc6 3. Bc4 h6 4. O-O Nf6 5. d3 Bc5 6. h3 a6 7. a4 O-O 8. Nc3 d6
9. Nd5 Na5 10. Ba2 c6 11. Ne3 Qe8 12. Re1 Be6 13. Bxe6 Qxe6 14. Nf5 Nh5 15. Bd2
Bb6 16. b4 Bd4 17. N3xd4 Qd7 18. Qxh5 c5 19. bxc5 exd4 20. Bxa5 Qe6 21. Nxd4 Qg6
22. Qxg6 fxg6 23. cxd6 Rf7 24. Bc7 Kf8 25. Rab1 Ra7 26. e5 b6 27. Bxb6 Rab7 28.
Bc7 Kg8 29. Rxb7 g5 30. e6 Rf8 31. e7 Re8 32. d7 Rxe7 33. d8=Q+ Kh7 34. Rxe7 Kg6
35. Rb6+ Kh7 36. Qf8 1-0

[Event "AUTO-INT-3720"]
[Site "http://www.queenalice.com/game.php?id=1783647"]
[Date "2022.2.27"]
[Round "2"]
[White "BALASH"]
[Black "jenyasm"]
[Result "0-1"]
[WhiteElo "1598"]
[BlackElo "1681"]

1. e4 e5 2. Bc4 Nc6 3. Nf3 h6 4. a3 Bc5 5. O-O Nf6 6. Nc3 O-O 7. d3 a6 8. Bd2
Nd4 9. h3 d6 10. Na4 c6 11. Nxc5 dxc5 12. Nxe5 Be6 13. Bxe6 Nxe6 14. c4 Nd4 15.
Nf3 Nxf3+ 16. Qxf3 Qd6 17. Bf4 Qd4 18. Rfb1 Kh7 19. Be3 Qxd3 20. Rc1 Qd6 21. Rd1
Qe5 22. Rab1 Nxe4 23. Bf4 Qf5 24. g4 Qg6 25. Rbc1 Ng5 26. h4 Nxf3+ 27. Kg2 Nxh4+
28. Kg3 Nf5+ 29. Kf3 Ne7 30. Rg1 Qf6 31. Rce1 Ng6 32. g5 Qxf4+ 33. Kg2 Qxg5+ 34.
Kf1 Qd2 35. Re2 Qd3 36. Rg3 Qxc4 37. Rc3 Qd5 38. Rce3 Qh1# 0-1

[Event "Challenge"]
[Site "http://www.queenalice.com/game.php?id=1788741"]
[Date "2022.5.11"]
[Round "-"]
[White "jjjcarvalho"]
[Black "BALASH"]
[Result "1-0"]
[WhiteElo "1730"]
[BlackElo "1589"]

1. d4 d5 2. Nf3 Nc6 3. e3 Nf6 4. c4 Bg4 5. h3 Bxf3 6. Qxf3 e6 7. cxd5 exd5 8. a3
Bd6 9. Nc3 h6 10. b4 O-O 11. Bb5 a6 12. Bxc6 bxc6 13. O-O Re8 14. Re1 Ne4 15.
Nxe4 dxe4 16. Qe2 Qf6 17. f4 Rab8 18. Bb2 Qg6 19. Rad1 a5 20. bxa5 Ra8 21. d5
cxd5 22. Rxd5 f5 23. Qc4 Re7 24. Rxd6+ Qf7 25. Qxf7+ Rxf7 26. Rd5 g6 27. Red1
Kh7 28. Rd7 Kg8 29. Rd8+ Rxd8 30. Rxd8+ Kh7 31. Rh8# 1-0

[Event "AUTO-INT-3827"]
[Site "http://www.queenalice.com/game.php?id=1816292"]
[Date "2023.7.14"]
[Round "1"]
[White "newgame"]
[Black "BALASH"]
[Result "1-0"]
[WhiteElo "1418"]
[BlackElo "1593"]

1. e4 e5 2. Nf3 Nc6 3. Bb5 Bd6 4. c3 Nf6 5. d4 a6 6. Ba4 b5 7. Bb3 h6 8. Be3
Nxe4 9. O-O O-O 10. Bc2 f5 11. dxe5 Bxe5 12. Qd5+ Kh8 13. Nxe5 Ra7 14. Bxa7 Nxa7
15. Nf7+ Rxf7 16. Qxf7 Qg8 17. Qxg8+ Kxg8 18. f3 Nc6 19. fxe4 d6 20. exf5 Ne5
21. Nd2 Ng4 22. Rae1 Bb7 23. h3 Ne5 24. f6 gxf6 25. Rxf6 Kg7 26. Rf2 Bc8 27. Re3
Be6 28. Nf3 Bc4 29. Nxe5 Kh8 30. Nxc4 bxc4 31. Rf7 Kg8 32. Rxc7 Kf8 33. Re6 d5
34. Rxa6 Kg8 35. Ra8# 1-0

[Event "AUTO-INT-3827"]
[Site "http://www.queenalice.com/game.php?id=1816293"]
[Date "2023.7.14"]
[Round "1"]
[White "BALASH"]
[Black "newgame"]
[Result "1-0"]
[WhiteElo "1610"]
[BlackElo "1405"]

1. e4 e5 2. Bc4 Qe7 3. Nf3 d6 4. h3 Nf6 5. Nc3 c6 6. a3 b5 7. Ba2 Be6 8. b4 Bxa2
9. Rxa2 Qe6 10. Ng5 Qd7 11. d3 Be7 12. O-O O-O 13. Bd2 h6 14. Nf3 d5 15. exd5
cxd5 16. Nxe5 Qd6 17. d4 Ne4 18. Nxb5 Qd8 19. Be3 a6 20. f3 Nc3 21. Nxc3 Qc7 22.
Nxd5 Qd6 23. Nxe7+ Qxe7 24. Qd3 Nd7 25. Nc6 Qf6 26. Ne5 Nxe5 27. Qb3 Nc6 28. c4
Rfe8 29. Bf2 Ne7 30. Re2 Ng6 31. Rxe8+ Rxe8 32. c5 Nh4 33. Bxh4 Qxd4+ 34. Kh2
Qxh4 35. b5 axb5 36. Qxb5 Qg5 37. Rb1 Re6 38. Qb8+ Kh7 39. c6 Rxc6 40. Qb7 Qf6
41. Qb5 Qd6+ 42. Kg1 Rc2 43. Qb3 Qc5+ 44. Kh2 Qf2 45. Qd3+ g6 46. Rg1 Qc5 47. a4
Ra2 48. Qb1 Rxa4 49. Rc1 Qe5+ 50. Kg1 Rd4 51. Qb7 h5 52. Qxf7+ Kh6 53. Qf8+ Kg5
54. Rc5 Rd5 55. Qd8+ Rxd8 56. Rxe5+ Kf4 57. Ra5 Kg3 58. Rg5+ Kf4 59. Rxg6 Rd5
60. Kf2 Rd2+ 61. Kg1 h4 62. Rg4+ Ke3 63. Re4+ 1-0

[Event "AUTO-INT-3827"]
[Site "http://www.queenalice.com/game.php?id=1816304"]
[Date "2023.7.14"]
[Round "1"]
[White "game"]
[Black "BALASH"]
[Result "0-1"]
[WhiteElo "1507"]
[BlackElo "1570"]

1. e4 e5 2. Nf3 Nc6 3. Bc4 h6 4. d3 Nf6 5. O-O Bc5 6. Be3 O-O 7. Bxc5 d6 8. Ba3
a6 9. d4 Na5 10. dxe5 Nxc4 11. e6 fxe6 12. e5 dxe5 13. Qe2 Nd6 14. Nc3 b6 15.
Rad1 Rf7 16. Nxe5 Rf8 17. Ne4 Re8 18. Nxf6+ Qxf6 19. f4 Nb5 20. Nc6 Nd6 21. Qf3
Bd7 22. Nd4 c5 23. Ne2 Ra7 24. b4 Nb5 25. Ng3 Rc7 26. Nh5 Qe7 27. f5 Bc6 28. Qg3
Nxa3 29. f6 Kh7 30. Nxg7 Rg8 31. fxe7 Rxe7 32. Qxa3 Rgxg7 33. Rf8 Rxg2+ 34. Kh1
Rxc2+ 35. Kg1 Rg7+ 36. Kf1 Rxh2 37. Qd3+ Rg6 38. Qd6 Bb5+ 39. Ke1 Rh1+ 40. Kd2
Rg2+ 41. Kc1 Rhh2 42. Qd7+ Kg6 43. Qxe6+ Kh5 44. Qxb6 Rc2+ 45. Kb1 Rb2+ 46. Ka1
Rxa2+ 47. Kb1 Rab2+ 48. Kc1 Rhc2# 0-1

[Event "AUTO-INT-3827"]
[Site "http://www.queenalice.com/game.php?id=1816305"]
[Date "2023.7.14"]
[Round "1"]
[White "BALASH"]
[Black "game"]
[Result "1-0"]
[WhiteElo "1579"]
[BlackElo "1521"]

1. e4 e5 2. Bc4 Nf6 3. Nc3 d6 4. h3 Nc6 5. Nf3 Nd4 6. a3 Be6 7. Bxe6 Nxe6 8. d3
d5 9. O-O d4 10. Ne2 Nf4 11. Bxf4 exf4 12. Nexd4 Bc5 13. c3 Nh5 14. b4 Be7 15.
Nf5 Bf6 16. d4 Bg5 17. g4 Nf6 18. Nxg5 Qd7 19. Nxg7+ Ke7 20. Nf5+ Kf8 21. Qe2 h5
22. Qf3 hxg4 23. Qxf4 gxh3 24. Kh2 Nh5 25. Qf3 Nf6 26. Nxh3 Qa4 27. Rg1 Qc6 28.
Qe3 Ng4+ 29. Rxg4 Re8 30. Kg2 Rg8 31. Rxg8+ Kxg8 32. d5 Qg6+ 33. Qg3 Kf8 34.
Qxg6 Rxe4 35. Qg7+ Ke8 36. Qg8+ Kd7 37. Qxf7+ Kd8 38. Qf8+ Kd7 39. Ng5 Rg4+ 40.
Kf3 Rc4 41. Qe7+ Kc8 42. Qe8# 1-0

[Event "AUTO-OPEN-4471"]
[Site "http://www.queenalice.com/game.php?id=1820409"]
[Date "2023.9.7"]
[Round "1"]
[White "josebaron"]
[Black "BALASH"]
[Result "1-0"]
[WhiteElo "2221"]
[BlackElo "1601"]

1. e4 e5 2. Nf3 Nc6 3. Nc3 Bc5 4. Bc4 h6 5. O-O Nf6 6. h3 a6 7. a4 d6 8. a5 O-O
9. Re1 Be6 10. Nd5 Nh7 11. c3 Nf6 12. d4 exd4 13. cxd4 Na7 14. Nxf6+ Qxf6 15.
Bxe6 Qxe6 16. dxc5 Rad8 17. cxd6 Rxd6 18. Qc2 Rc6 19. Qd1 Qe7 20. Be3 Nb5 21. e5
Rd8 22. Qe2 Qe6 23. Rad1 Rxd1 24. Qxd1 g5 25. Qd8+ Kg7 26. Nd4 Nxd4 27. Bxd4 Kh7
28. Bc3 b5 29. axb6 Rxb6 30. Qxc7 Rc6 31. Qa7 h5 32. Rd1 Rc8 33. Rd6 Qa2 34. e6
Qb1+ 35. Kh2 Rf8 36. exf7 Qf5 37. Qb6 Qf4+ 38. g3 Qxd6 39. Qxd6 Rxf7 40. Qe5 Kg8
41. Qh8# 1-0

[Event "AUTO-OPEN-4471"]
[Site "http://www.queenalice.com/game.php?id=1820410"]
[Date "2023.9.7"]
[Round "1"]
[White "BALASH"]
[Black "josebaron"]
[Result "0-1"]
[WhiteElo "1603"]
[BlackElo "2220"]

1. e4 e5 2. Bc4 Nf6 3. Nc3 Bc5 4. h3 O-O 5. Nf3 d6 6. a3 a6 7. O-O b5 8. Ba2 Nc6
9. d3 Be6 10. Bxe6 fxe6 11. Ng5 Qe8 12. Be3 Nd4 13. b4 Bb6 14. Na2 h6 15. c3
hxg5 16. Bxg5 Nc6 17. Qe2 Qg6 18. Bxf6 Rxf6 19. Rae1 Raf8 20. Qg4 Qxg4 21. hxg4
Rg6 22. Nc1 Rxg4 23. Ne2 Rg6 24. g3 Rgf6 25. g4 Bxf2+ 26. Rxf2 Rxf2 27. Ng3 R2f3
28. d4 Rxg3+ 29. Kh2 Rxc3 30. Rg1 Nxd4 31. g5 Nf3+ 32. Kh1 Nxg1 33. Kxg1 Rxa3
34. Kg2 Rff3 35. Kh1 Ra2 36. g6 Rf1# 0-1

[Event "AUTO-OPEN-4471"]
[Site "http://www.queenalice.com/game.php?id=1820433"]
[Date "2023.9.7"]
[Round "1"]
[White "Pumpernickel"]
[Black "BALASH"]
[Result "1-0"]
[WhiteElo "1996"]
[BlackElo "1618"]

1. e4 e5 2. f4 Bd6 3. Nf3 Nc6 4. f5 Nf6 5. Nc3 a6 6. d3 b5 7. a3 h6 8. h3 O-O 9.
Be3 Nh5 10. g4 Nf4 11. h4 Qe7 12. Qd2 Bc5 13. O-O-O Bxe3 14. Qxe3 d6 15. g5 h5
16. d4 Na5 17. dxe5 dxe5 18. Nd5 Nc4 19. Nxe7+ Kh8 20. Bxc4 bxc4 21. Nxc8 Rfxc8
22. Nxe5 Ng2 23. Qc3 Nf4 24. Nxf7+ Kg8 25. Rd7 Ne2+ 26. Kd2 a5 27. Nh6+ gxh6 28.
Qg7# 1-0

[Event "AUTO-OPEN-4471"]
[Site "http://www.queenalice.com/game.php?id=1820434"]
[Date "2023.9.7"]
[Round "1"]
[White "BALASH"]
[Black "Pumpernickel"]
[Result "0-1"]
[WhiteElo "1616"]
[BlackElo "1998"]

1. e4 d5 2. e5 e6 3. Nf3 Ne7 4. Bd3 a6 5. a3 Nd7 6. Nc3 Ng6 7. h3 Ngxe5 8. O-O
Nxd3 9. cxd3 Bc5 10. d4 Bd6 11. b4 O-O 12. d3 f6 13. Na4 Re8 14. Be3 c6 15. Nc5
Qc7 16. Nxd7 Bxd7 17. Qd2 e5 18. dxe5 fxe5 19. d4 e4 20. Nh2 Bxh2+ 21. Kh1 Bd6
22. g3 Bxh3 23. Rg1 Bg4 24. Bf4 Bxf4 25. Qc3 Bf3+ 26. Kh2 Bd6 27. Qe3 Qf7 28.
Ra2 Qh5# 0-1

[Event "AUTO-OPEN-4471"]
[Site "http://www.queenalice.com/game.php?id=1820447"]
[Date "2023.9.7"]
[Round "1"]
[White "chessman"]
[Black "BALASH"]
[Result "1-0"]
[WhiteElo "1739"]
[BlackElo "1614"]

1. e4 e5 2. Nf3 Nc6 3. Bb5 Bd6 4. O-O Nf6 5. Re1 a6 6. Ba4 b5 7. Bb3 O-O 8. c3
h6 9. d4 Nh7 10. d5 Na7 11. Be3 c5 12. a4 c4 13. Bc2 Qc7 14. axb5 Nxb5 15. b3
cxb3 16. Bxb3 Nf6 17. c4 Na7 18. Nc3 Bc5 19. Bxc5 d6 20. Be3 Ng4 21. Bd2 g5 22.
h3 Nf6 23. Qe2 Nd7 24. Rac1 Nc5 25. Bc2 Bd7 26. Bxg5 hxg5 27. Nxg5 f6 28. Nf3
Kf7 29. Ra1 Qd8 30. Na4 Rg8 31. Nxc5 Rg5 32. Nxg5+ fxg5 33. Nxa6 Bc8 34. Qh5+
Kf6 35. Qh6+ Kf7 36. Qh7+ Ke8 37. Nc7+ 1-0

[Event "AUTO-OPEN-4471"]
[Site "http://www.queenalice.com/game.php?id=1820448"]
[Date "2023.9.7"]
[Round "1"]
[White "BALASH"]
[Black "chessman"]
[Result "1-0"]
[WhiteElo "1583"]
[BlackElo "1869"]

1. e4 e6 2. Bc4 a6 3. a3 b5 4. Ba2 Bb7 5. Nc3 Ne7 6. d3 c5 7. Bf4 Ng6 8. Bg3 Be7
9. Nf3 O-O 10. O-O d5 11. e5 Nc6 12. h3 h6 13. Ne2 Re8 14. c3 Rc8 15. d4 cxd4
16. b4 dxc3 17. Nxc3 Ncxe5 18. Nxe5 Rxc3 19. Nd3 Rxa3 20. Nc5 Bxc5 21. bxc5 Rc3
22. Qd2 Rxc5 23. Rac1 Rxc1 24. Rxc1 Qd7 25. Rc7 1-0

[Event "AUTO-INT-3827"]
[Site "http://www.queenalice.com/game.php?id=1828388"]
[Date "2024.1.3"]
[Round "2"]
[White "altair"]
[Black "BALASH"]
[Result "1-0"]
[WhiteElo "1712"]
[BlackElo "1628"]

1. e4 e5 2. Nf3 Nc6 3. d3 h6 4. a3 Bc5 5. h3 Nf6 6. Be2 a6 7. b4 Ba7 8. O-O d6
9. Nc3 Be6 10. Be3 Nh5 11. d4 Nf4 12. Qd2 b5 13. d5 Nxe2+ 14. Qxe2 Nd4 15. Nxd4
Bd7 16. Nf5 Bxf5 17. exf5 Bxe3 18. Qxe3 O-O 19. a4 f6 20. axb5 Qd7 21. bxa6 Qxf5
22. Ne4 Qf4 23. Qd3 Qf5 24. f3 g5 25. c4 Rfb8 26. Rfb1 Ra7 27. b5 Rb6 28. Rc1
Qg6 29. c5 dxc5 30. Rxc5 f5 31. Ng3 Rf6 32. Qc4 f4 33. Ne4 Rf7 34. Nf2 Kg7 35.
Ng4 Qf5 36. Rd1 h5 37. Nf2 Re7 38. d6 Rd7 39. dxc7 Rd4 40. Rxd4 exd4 41. Rxf5
Kg6 42. Qf7+ Kh6 43. Rf6# 1-0

[Event "AUTO-INT-3827"]
[Site "http://www.queenalice.com/game.php?id=1828389"]
[Date "2024.1.3"]
[Round "2"]
[White "BALASH"]
[Black "altair"]
[Result "0-1"]
[WhiteElo "1615"]
[BlackElo "1752"]

1. e4 e5 2. Bc4 Nf6 3. Nc3 c6 4. a3 b6 5. Nf3 h6 6. d3 Be7 7. h3 O-O 8. Bd2 d5
9. exd5 cxd5 10. Ba2 d4 11. Ne2 Nc6 12. b4 Bb7 13. O-O e4 14. b5 Ne5 15. Nxe5
Qd6 16. Nc4 Qc5 17. Bb4 Qc7 18. Bxe7 Qxe7 19. Re1 Qc5 20. Rb1 exd3 21. cxd3 Qd5
22. Nf4 Qg5 23. g3 Nd5 24. Nd6 Nxf4 25. Nxb7 Nxh3+ 26. Kh2 Nxf2 27. Qf3 Ng4+ 28.
Kg2 h5 29. Nd6 Nh6 30. Ne4 Qe5 31. Nd2 Qd6 32. Ne4 Qg6 33. Nd2 h4 34. Nc4 Nf5
35. g4 Nh6 36. Ne5 Qd6 37. Nc4 Qd7 38. Ne5 Qc8 39. Rbc1 Qd8 40. Nc6 Qd7 41. Ne5
Qxb5 42. Nc4 Rac8 43. Nd6 Qb2+ 44. Kh3 Rxc1 45. Rxc1 Qxc1 46. Ne4 Qb2 47. Bd5
Qxa3 48. Ng5 Qe7 49. Ne4 a5 50. Qf4 a4 51. Ng5 Qe3+ 52. Qxe3 dxe3 53. Nf3 e2 54.
Kxh4 Re8 55. Bc6 Re3 56. Kg5 e1=Q 57. Nxe1 Rxe1 58. Bxa4 f6+ 59. Kf4 Rf1+ 60.
Kg3 Rg1+ 61. Kh3 Nxg4 62. Bd7 Nf2+ 63. Kh2 Rg5 64. d4 Kh7 65. Bc6 Kg6 66. Bg2
Kf5 67. Kg1 Nd3 68. Kf1 Kf4 69. Bc6 Ke3 70. d5 Nb4 71. Bb7 Nxd5 72. Bc6 Kf3 73.
Ba4 Nc3 74. Bc6+ Kg3 75. Ke1 b5 0-1